Welcome to CU Library Online Public Access Catalogue (OPAC)

The interpretation of contracts. (Record no. 533)

MARC details
000 -LEADER
fixed length control field 00557nam a22001935i 4500
001 - CONTROL NUMBER
control field 18983842
005 - DATE AND TIME OF LATEST TRANSACTION
control field 20241101171849.0
008 - FIXED-LENGTH DATA ELEMENTS--GENERAL INFORMATION
fixed length control field 150915s2015 enk f b 000 0 eng
020 ## - INTERNATIONAL STANDARD BOOK NUMBER
International Standard Book Number 9780414034075 (hbk.)
050 ## - LIBRARY OF CONGRESS CALL NUMBER
Classification number KD1554
Item number .L49 2015
100 1# - MAIN ENTRY--PERSONAL NAME
Personal name Lewison, Kim,
Relator term author.
245 14 - TITLE STATEMENT
Title The interpretation of contracts.
250 ## - EDITION STATEMENT
Edition statement Sixth edition.
260 ## - PUBLICATION, DISTRIBUTION, ETC.
Place of publication, distribution, etc. London
Name of publisher, distributor, etc. Thomson Reuters (Professional) UK Limited
Date of publication, distribution, etc. C2015
300 ## - PHYSICAL DESCRIPTION
Extent xcv, 898 pages ;
Dimensions 24cm.
Other physical details Index
650 ## - SUBJECT ADDED ENTRY--TOPICAL TERM
Source of heading or term Contracts
650 ## - SUBJECT ADDED ENTRY--TOPICAL TERM
Source of heading or term Interpretation
942 ## - ADDED ENTRY ELEMENTS (KOHA)
Source of classification or shelving scheme Library of Congress Classification
Koha item type Books
Edition 6th Ed.
Suppress in OPAC No
999 ## -
-- 533
-- 533
Holdings
Withdrawn status Lost status Source of classification or shelving scheme Damaged status Not for loan Collection Home library Current library Shelving location Date acquired Total checkouts Full call number Barcode Date last seen Copy number Price effective from Koha item type
    Library of Congress Classification     Non-fiction Law Library (Christ Temple) Law Library (Christ Temple) General stacks 03/05/2025   KD1554.L49 LEW LLCT00000472 03/05/2025 1 03/05/2025 Books
    Library of Congress Classification     Non-fiction Law Library (Kumasi) Law Library (Kumasi) General stacks 02/11/2025   KD 1554.L49 LEW llk00000074 02/11/2025 2 02/11/2025 Books
    Library of Congress Classification     Non-fiction Law Library (Miotso) Law Library (Miotso) General stacks 11/01/2024   KD1554.L49 LEW llm00000522 11/01/2024 1 11/01/2024 Books
© 2023-2024 Copyright: Central University Libraries. All Rights Reserved | Created by: Mahone Tech Office